000
00321nam a22001217a 4500
008
180518b xxu||||| |||| 00| 0 eng d
041
_a
eng
080
_a
043.3
100
_a
0
101
_a
SHKI-BTH
245
_a
Përformanca e Windows Azure dhe ndikimi i cache në përmirësimin e saj
_c
Grajçevci,E
942
_2
udc
_c
BK
999
_c
46006
_d
46006